[Event "TUR-chT Clubs"]
[Site "Konya"]
[Date "2019.07.17"]
[Round "2.28"]
[White "Yunus, Baris"]
[Black "Mart, Ali Baris"]
[Result "1-0"]
[WhiteElo "1132"]
[BlackElo "1031"]
[PlyCount "85"]
[EventDate "2019.07.16"]
[EventType "team-swiss"]
[EventRounds "9"]
[EventCountry "TUR"]
[SourceTitle "CBM 191 Extra"]
[Source "ChessBase"]
[SourceDate "2019.09.30"]
[SourceVersion "1"]
[SourceVersionDate "2019.09.30"]
[SourceQuality "1"]
[WhiteTeam "Bornova Belediyesi Genclik"]
[BlackTeam "Atabey Koleji"]
[WhiteTeamCountry "TUR"]
[BlackTeamCountry "TUR"]

1. Nf3 d5 2. g3 Nc6 3. Bg2 e5 4. d3 Nf6 5. Nbd2 Bf5 6. 0-0 Qd7 7. Re1 Bd6 8. e4 dxe4 9. dxe4 Bh3 10. Nc4 Bxg2 11. Kxg2 h6 12. Nh4 Ne7 13. b3 g5 14. Nf5 Nxf5 15. exf5 Qc6+ 16. Kg1 Nd7 17. Bb2 f6 18. Qh5+ Ke7 19. Rad1 b5 20. Nxd6 cxd6 21. Re2 Nf8 22. Ba3 Rd8 23. Red2 a5 24. Rxd6 Rxd6 25. Rxd6 Qxd6 26. Bxd6+ Kxd6 27. Qf7 Nd7 28. Qe6+ Kc7 29. Qa6 Nb6 30. Qa7+ Kc6 31. Qg7 Rd8 32. Qxf6+ Rd6 33. Qxe5 Nd7 34. Qe7 a4 35. Qe4+ Kc7 36. bxa4 bxa4 37. Qxa4 Rd1+ 38. Kg2 Kd6 39. c4 Ra1 40. c5+ Kc7 41. c6 Nb6 42. Qb3 g4 43. f6 1-0